=LDR 00000nam 2200000 4500 =001 INLIS000000000000970 =005 20230315111738 =035 ##$$a 0010-0323000093 =007 ta =008 230315################g##########0#eng## =020 ##$$a - =082 ##$$a 658. 3 =084 ##$$a 658. 3 CUM t =100 1#$$a Cuming, Maurice W. =245 1#$$a The Theory and Practice of Personnel Management /$c Maurice W. Cuming =250 ##$$a Edisi ke-3 =260 ##$$a London :$b Heineman,$c 1975 =300 ##$$a xi, 385 halaman : $b Ilustrasi ; $c 21,5 cm$e - =650 #4$$a Personnel Management =520 ##$$a Buku ini mengambil fungsi tradisional manajemen personalia sebagai ketenagakerjaan, pelatihan, remunerasi, hubungan industrial dan kesejahteraan maka jawaban sederhananya adalah bahwa teks-teks sebelumnya sekarang sudah usang. =990 ##$$a B-1975-00006